| 000 | 00000nam 2200000za 4500 |
| 001 | 9.695572 |
| 003 | CaOODSP |
| 005 | 20240426083215 |
| 007 | cr ||||||||||| |
| 008 | 150407|2009||||xxc|||||o f|0| 0 eng d |
| 040 | |aCaOODSP|beng |
| 043 | |an-cn--- |
| 086 | 1 |aHR4-14/2009E-PDF |
| 110 | 2 |aCanadian Human Rights Commission. |
| 245 | 10|aAdding social condition to the Canadian Human Rights Act / |h[electronic resource]|c[by] Wayne MacKay and Natasha Kim. |
| 260 | |aOttawa - Ontario : |bCanadian Human Rights Commission |cFebruary 2009. |
| 300 | |a164p. |
| 500 | |aThe publication file in PDF format was replaced on 25 April 2024 as requested by the Canadian Human Rights Commission. The new file contains an “archived” notice. |
| 504 | |aBibliography. |
| 590 | |a12-03-Supp|b2012-02-14 |
| 690 | 07|aHuman rights|2gcpds |
| 720 | 1 |aMacKay, Wayne |
| 720 | 1 |aKim, Natasha |
| 775 | 08|tL'ajout de la condition sociale à la Loi canadienne sur les droits de la personne / |w(CaOODSP)9.639735 |
| 856 | 40|ahttp://publications.gc.ca|qPDF|s1.54 MB|uhttps://publications.gc.ca/collections/collection_2012/ccdp-chrc/HR4-14-2009-eng.pdf |
| 856 | 4 |qHTML|sN/A|uhttps://www.chrc-ccdp.gc.ca/en/resources/publications/archived-adding-social-condition-the-canadian-human-rights-act |